[Event "Rio de Janeiro Motta Memorial 2nd"]
[Site "Rio de Janeiro"]
[Date "2018.03.06"]
[Round "3"]
[White "Almeida, Flavio Silva"]
[Black "Venturelli, Luciano"]
[Result "1/2-1/2"]
[WhiteElo "1891"]
[BlackElo "1552"]
[PlyCount "73"]
[EventDate "2018.02.20"]
[EventType "swiss"]
[EventRounds "6"]
[EventCountry "BRA"]
[SourceTitle "CBM 183 Extra"]
[Source "ChessBase"]
[SourceDate "2018.04.19"]
[SourceVersion "1"]
[SourceVersionDate "2018.04.19"]
[SourceQuality "1"]

1. d4 d5 2. Nf3 Nf6 3. Bf4 e6 4. e3 Bd6 5. Bd3 h6 6. Bxd6 Qxd6 7. c3 Nbd7 8. Nbd2 e5 9. dxe5 Nxe5 10. Nxe5 Qxe5 11. Nf3 Qe7 12. 0-0 0-0 13. Qc2 Ng4 14. h3 Ne5 15. Nd2 Nxd3 16. Qxd3 c6 17. Rfe1 Qf6 18. e4 Qg6 19. Qf3 dxe4 20. Nxe4 Be6 21. b3 Bd5 22. c4 Bxe4 23. Qxe4 Qxe4 24. Rxe4 Rfe8 25. Rae1 Rxe4 26. Rxe4 Kf8 27. f4 Rd8 28. Kf2 Rd2+ 29. Re2 Rxe2+ 30. Kxe2 f5 31. Kd3 c5 32. b4 b6 33. g4 g6 34. gxf5 gxf5 35. b5 Kf7 36. Ke3 Kg6 37. Kf3 1/2-1/2